Vamos à caça do urso (Registo nº 1715)

Detalhes MARC
000 -Etiqueta do registo
Cabeçalho 00880nam a22003131 4500
005 - Identificador da versão
Campo de controlo 20240813121914.0
095 ## -
-- PTBN00430701
010 ## - Número internacional normalizado dos livros (ISBN)
Número (ISBN) 9722116185
021 ## - Número do Depósito Legal
Código do país PT
Número 208950/04
035 ## - Other System Control Numbers
System Control Number 0000002
100 ## - Dados gerais de processamento
Dados gerais de processamento 20050410d2004 c y0pory5003 ba
102 ## - Pais de publicação ou produção
País de publicação Portugal
101 1# - Língua de publicação
Língua do texto, banda sonora, etc. Português
Língua do documento no original Inglês
106 ## - Campo de dados codificados: material textual
Dados codificados do material textual r
105 ## - Campo de dados codificados: livros
Dados codificados dos livros a z 000zy
215 ## - Descrição física 
Indicação específica da natureza do documento e extensão da espécie [34] p.
Outras indicações físicas todo il.
Dimensões 27x29 cm
200 1# - Titulo e menção de responsabilidade
Título próprio Vamos à caça do urso
Primeira menção de responsabilidade texto de Michael Rosen
Outras menções de responsabilidade il. Helen Oxenbury
210 ## - Publicação, Distribuição, etc. 
Lugar da edição, distribuição, etc. Lisboa
Nome do editor, distribuidor, etc. Caminho
Data da publicação, distribuição, etc. 2004
304 ## - Notas relativas a título e menção de responsabilidade 
Texto da nota Tít. orig.: We're going on a bear hunt
606 ## - Nome comum usado como assunto
Número de registo de entrada de autoridade 0000006
Palavra de ordem Literatura estrangeira infantil
675 ## - Classificação Decimal Universal (CDU)
Notação 82
Edição
Língua da edição por
702 #1 - Nome de autor-pessoa física (responsabilidade secundária)
Número de registo de entrada de autoridade 0000195
Palavra de ordem Saldanha
Outra parte do nome não tomada para palavra de ordem Ana
Código de função Tradutor
701 #1 - Nome de autor-pessoa física (co-responsabilidade principal)
Palavra de ordem Oxenbury
Outra parte do nome não tomada para palavra de ordem Helen
Código de função Ilustrador / Técnico de desenho computorizado
700 #1 - Nome de autor-pessoa física (responsabilidade principal)
Número de registo de entrada de autoridade 0000193
Palavra de ordem Rosen
Outra parte do nome não tomada para palavra de ordem Michael
942 ## - Elementos de entrada adicionados (Koha)
Tipo de item no Koha Livro
Exemplares
Situação do levantamento Origin of item (home branch) (coded) Biblioteca de empréstimo Código de barras Cota Circulation type (not for loan) Tipo de documento Nota do exemplar Damaged status
  Biblioteca Escolar da Coca Maravilhas Biblioteca Escolar da Coca Maravilhas BECM7025/05 8EST ROS   Livro Sem mensagem